Symbole Parków Narodowych w Polsce - Statystyki

Ogólne statystyki
  • Ten quiz został rozwiązany 686 razy
  • Średni wynik to 13 z 23
Statystyki odpowiedzi
Obrazkowy Odpowiedź % Poprawnych
Białowieski Park Narodowy / żubr
98%
Tatrzański Park Narodowy / kozica tatrzańska
82%
Park Narodowy Gór Stołowych / Fotel Pradziada
74%
Kampinoski Park Narodowy / łoś
69%
Ojcowski Park Narodowy / nietoperz
69%
Słowiński Park Narodowy / mewa
68%
Bieszczadzki Park Narodowy / ryś
62%
Pieniński Park Narodowy / Trzy Korony
62%
Wigierski Park Narodowy / bóbr
56%
Gorczański Park Narodowy / salamandra plamista
55%
Roztoczański Park Narodowy / konik polski
54%
Poleski Park Narodowy / żuraw
50%
Woliński Park Narodowy / bielik
50%
Babiogórski Park Narodowy / okrzyn jeleni
47%
Park Narodowy „Ujście Warty” / gęś zbożowa
47%
Karkonoski Park Narodowy / dzwonek karkonoski
45%
Biebrzański Park Narodowy / batalion
44%
Wielkopolski Park Narodowy / puszczyk
44%
Drawieński Park Narodowy / wydra
42%
Świętokrzyski Park Narodowy / jeleń
42%
Park Narodowy „Bory Tucholskie” / głuszec
41%
Magurski Park Narodowy / orlik krzykliwy
37%
Narwiański Park Narodowy / błotniak stawowy
33%
Nie znaleziono quizów pasujących do podanych kryteriów
Rozkład punktacji
Procent ludzi z każdym wynikiem
Percentyl według liczby udzielonych odpowiedzi
Twoja historia wyników
Nie rozwiązałeś tego quizu